Учебник тренера по легкой атлетике

Bibliografiske detaljer
Andre forfattere: Хоменков Л. С. Леонид Сергеевич (редактор)
Sprog:russisk
Udgivet: Москва, Физкультура и спорт, 1974
Fag:
Format: MixedMaterials Bog
KOHA link:https://koha.lib.tpu.ru/cgi-bin/koha/opac-detail.pl?biblionumber=123628

MARC

LEADER 00000nam0a2200000 4500
001 123628
005 20231031130526.0
035 |a (RuTPU)RU\TPU\book\133812 
090 |a 123628 
100 |a 20071022d1974 m y0rusy5003 ca 
101 0 |a rus 
102 |a RU 
105 |a a z 000zy 
200 1 |a Учебник тренера по легкой атлетике  |f под ред. Л. С. Хоменкова 
210 |a Москва  |c Физкультура и спорт  |d 1974 
215 |a 535 с.  |c ил.  |d 22 см. 
610 0 |a Легкая атлетика 
610 0 |a Легкоатлеты 
610 0 |a тренировки 
610 0 |a учебники 
610 0 |a тренеры 
675 |a 793  |z rus 
702 1 |a Хоменков  |b Л. С.  |g Леонид Сергеевич  |4 340 
801 0 |a RU  |b RuMRKP  |c 19950704  |g psbo 
801 1 |a RU  |b 63413507  |c 20071022  |g PSBO 
801 2 |a RU  |b 63413507  |c 20120824  |g PSBO 
942 |c BK